Wehret den Anfängen! Gegen den widerrechtlichen Freiheitsentzug bei strafunmündigen Zigeunerkindern in Köln
| Tipo de documento: | Print Artículo |
|---|---|
| Lenguaje: | Alemán |
| Publicado: |
1987
|
| En: |
Sozialpädagogik
Año: 1987, Volumen: 29, Número: 6, Páginas: 286-290 |
| Disponibilidad en Tübingen: | Disponible en Tübingen. IFK: 7031 |
| Verificar disponibilidad: | HBZ Gateway |
| Palabras clave: |
MARC
| LEADER | 00000caa a22000002c 4500 | ||
|---|---|---|---|
| 001 | 1640044825 | ||
| 003 | DE-627 | ||
| 005 | 20220608130935.0 | ||
| 007 | tu | ||
| 008 | 160223s1987 xx ||||| 00| ||ger c | ||
| 035 | |a (DE-627)1640044825 | ||
| 035 | |a (DE-576)456038302 | ||
| 035 | |a (DE-599)BSZ456038302 | ||
| 040 | |a DE-627 |b ger |c DE-627 |e rakwb | ||
| 041 | |a ger | ||
| 245 | 0 | 0 | |a Wehret den Anfängen! Gegen den widerrechtlichen Freiheitsentzug bei strafunmündigen Zigeunerkindern in Köln |
| 264 | 1 | |c 1987 | |
| 336 | |a Text |b txt |2 rdacontent | ||
| 337 | |a ohne Hilfsmittel zu benutzen |b n |2 rdamedia | ||
| 338 | |a Band |b nc |2 rdacarrier | ||
| 773 | 0 | 8 | |i In |t Sozialpädagogik |d Gütersloh : Mohn, 1959 |g 29(1987), 6, Seite 286-290 |w (DE-627)130126179 |w (DE-600)506938-5 |w (DE-576)015660702 |x 0038-6189 |7 nnas |
| 773 | 1 | 8 | |g volume:29 |g year:1987 |g number:6 |g pages:286-290 |
| 935 | |a mkri | ||
| 951 | |a AR | ||
| ELC | |b 1 | ||
| LOK | |0 000 xxxxxcx a22 zn 4500 | ||
| LOK | |0 001 3301307213 | ||
| LOK | |0 003 DE-627 | ||
| LOK | |0 004 1640044825 | ||
| LOK | |0 005 20160223101037 | ||
| LOK | |0 008 160208||||||||||||||||ger||||||| | ||
| LOK | |0 040 |a DE-21-110 |c DE-627 |d DE-21-110 | ||
| LOK | |0 689 |a s |a Zigeunerkinder | ||
| LOK | |0 852 |a DE-21-110 | ||
| LOK | |0 852 1 |c 7031 |m p |9 00 | ||
| LOK | |0 935 |a k110 | ||
| LOK | |0 938 |k p | ||
| LOK | |0 939 |a 08-02-16 |b l01 | ||
| ORI | |a SA-MARC-krimdoka001.raw | ||
| SIG | |a IFK: 7031 | ||
